Movies Quiz

Random Movies or Cast Quiz

Enter the Dragon Cast Members Quiz Stats

 Plays Quiz not verified by Sporcle

Challenge
Share
Tweet
Embed
Score 0/14 Timer 05:00
0 Plays Today
% Correct
Bruce Lee
98.4%
John Saxon
93.8%
Bolo Yeung
93.8%
Jim Kelly
92.2%
Robert Wall
79.7%
Sammo Hung
76.6%
Jackie Chan
71.9%
% Correct
Yuen Biao
71.9%
Shih Kien
68.8%
Angela Mao
65.6%
Lam Ching-Ying
65.6%
Yuen Wah
64.1%
Roy Chiao
48.4%
Tadashi Yamashita
45.3%

You're not logged in!

Compare scores with friends on all Sporcle quizzes.
OR
Log In

You Might Also Like...

Show Comments

Extras

Top Quizzes Today


Score Distribution

Your Account Isn't Verified!

In order to create a playlist on Sporcle, you need to verify the email address you used during registration. Go to your Sporcle Settings to finish the process.

Report this User

Report this user for behavior that violates our Community Guidelines.

Details: